| 000 | 00000nam##2200000za#4500 |
| 001 | 9.639687 |
| 003 | CaOODSP |
| 005 | 20250319165015 |
| 007 | cr ||||||||||| |
| 008 | 150407|1994||||xxc|||||o f|0| 0 fre|d |
| 040 | |aCaOODSP|bfre |
| 043 | |an-cn--- |
| 086 | 1 |aH72-21/121-1994F-PDF |
| 110 | 2 |aCentre national d'information sur la violence dans la famille (Canada) |
| 245 | 10|aConflit de générations et prévention des mauvais traitement envers les aînés : |h[ressource électronique]|brapport final présenté à Santé Canada / |cpar J.A. Tindale ... [et al.]. |
| 260 | |aOttawa - Ontario : |bSanté Canada. |cc1994. |
| 300 | |a21p. |
| 500 | |aLe n° de catalogue (H72-21/121-1994F) et l'ISBN (0-662-99428-0) de l'édition imprimée ont été incorrectement copiés dans l'édition électronique. |
| 504 | |aBibliographie. |
| 590 | |a12-08-Supp|b2012-03-16 |
| 691 | 07|aAîné|2gcpds |
| 691 | 07|aViolence familiale|2gcpds |
| 720 | 1 |aTindale, J. A. |
| 775 | 08|tIntergenerational conflict and the prevention of abuse against older persons : |w(CaOODSP)9.695552 |
| 776 | 0#|tConflit de générations et prévention des mauvais traitements envers les aînés : |w(CaOODSP)9.679320 |
| 856 | 40|ahttp://publications.gc.ca|qPDF|s237 Ko|uhttps://publications.gc.ca/collections/Collection/H72-21-121-1994F.pdf |